Responsabilité de l'État à raison des fautes de ses agents (Record no. 6748)
[ view plain ]
| 000 -LEADER | |
|---|---|
| fixed length control field | 00677nam a22002297a 4500 |
| 003 - CONTROL NUMBER IDENTIFIER | |
| control field | TZ-ArACH |
| 005 - DATE AND TIME OF LATEST TRANSACTION | |
| control field | 20220331165746.0 |
| 008 - FIXED-LENGTH DATA ELEMENTS--GENERAL INFORMATION | |
| fixed length control field | 220331b ||||| |||| 00| 0 eng d |
| 020 ## - INTERNATIONAL STANDARD BOOK NUMBER | |
| International Standard Book Number | 9780270672244 |
| Qualifying information | (hbk) |
| 040 ## - CATALOGING SOURCE | |
| Transcribing agency | TZ-ArACH |
| 050 ## - LIBRARY OF CONGRESS CALL NUMBER | |
| Classification number | KJV5056 |
| Item number | .M53 1895 |
| 100 ## - MAIN ENTRY--PERSONAL NAME | |
| Personal name | Michoud, Léon |
| Dates associated with a name | 1855-1916. |
| 245 ## - TITLE STATEMENT | |
| Title | Responsabilité de l'État à raison des fautes de ses agents |
| 250 ## - EDITION STATEMENT | |
| Edition statement | Classic |
| 260 ## - PUBLICATION, DISTRIBUTION, ETC. (IMPRINT) | |
| Place of publication, distribution, etc | Paris, |
| Name of publisher, distributor, etc | Chevalier-Marescq et cie, |
| Date of publication, distribution, etc | 1895. |
| 300 ## - PHYSICAL DESCRIPTION | |
| Extent | Multiple |
| Dimensions | 25 cm. |
| 501 ## - WITH NOTE | |
| With note | A classic book reprint. |
| 650 ## - SUBJECT ADDED ENTRY--TOPICAL TERM | |
| Topical term or geographic name as entry element | Administrative responsibility. |
| 650 ## - SUBJECT ADDED ENTRY--TOPICAL TERM | |
| Topical term or geographic name as entry element | Administrative law |
| Geographic subdivision | France. |
| 650 ## - SUBJECT ADDED ENTRY--TOPICAL TERM | |
| Topical term or geographic name as entry element | Agency (Law) |
| 942 ## - ADDED ENTRY ELEMENTS (KOHA) | |
| Source of classification or shelving scheme | Library of Congress Classification |
| Koha item type | Books |
| Home library | Current library | Date acquired | Full call number | Barcode | Koha item type |
|---|---|---|---|---|---|
| African Court on Human and Peoples' Rights Library | African Court on Human and Peoples' Rights Library | 31/03/2022 | KJV5056 .M53 1895 | 10193960 | Books |
